000 00430nam a22001217a 4500
040 _cHS
082 _a307
110 _aLUTHERAN WORLD FEDERATION (LWF)
245 _aឧបករណ៍សម្រាប់ការសិក្សា និងអនុវត្តន៍សកម្មភាពតាមបែបចូលរួម
260 _aភ្នំពេញ
_bLUTHERAN WORLD FEDERATION
_c2002
300 _aNA
942 _cKB
999 _c8696
_d8696